| 000 | 00000nas 2200000zi 4500 |
| 001 | 9.880284 |
| 003 | CaOODSP |
| 005 | 20250722161136 |
| 006 | m go d f |
| 007 | cr cn |||||||| |
| 008 | 150406d20162023oncar p o f0 b0fre|d |
| 022 | |a2819-5302 |
| 040 | |aCaOODSP|bfre|erda|cCaOODSP |
| 043 | |an-cn--- |
| 086 | 1 |aE78-1F-PDF |
| 222 | 4|aLes exportations de marchandises militaires |
| 245 | 04|aLes exportations de marchandises militaires. |
| 246 | 1 |iLa livraison de 2023 comporte le titre : |aExportations de marchandises et de technologies militaires |
| 264 | 1|a[Ottawa] : |bAffaires mondiales Canada = Global Affairs Canada, |c[2017-2024] |
| 310 | |aAnnuel |
| 336 | |atexte|btxt|2rdacontent/fre |
| 337 | |ainformatique|bc|2rdamedia/fre |
| 338 | |aressource en ligne|bcr|2rdacarrier/fre |
| 362 | 1 |aParaît depuis : 2016; ne paraît plus après : 2023. |
| 500 | |aPublié aussi en anglais sous le titre : Exports of military goods. |
| 588 | |aDescription d'après : 2016. |
| 588 | |aDernière livraison consultée : 2023. |
| 692 | 07|2gccst|aArme offensive |
| 692 | 07|2gccst|aCoopération internationale |
| 692 | 07|2gccst|aExportation |
| 692 | 07|2gccst|aLimitation des armements |
| 692 | 07|2gccst|aPolitique |
| 692 | 07|2gccst|aSécurité internationale |
| 710 | 1 |aCanada. |bAffaires mondiales Canada, |eorganisme de publication. |
| 775 | 08|tExports of military goods.|w(CaOODSP)9.880296 |
| 780 | 00|tRapport sur les exportations de matériel militaire du Canada. |w(CaOODSP)9.501104 |
| 785 | 00|tRapport annuel sur les marchandises et technologies stratégiques conformément à l'article 27 de la Loi sur les licences d'exportation et d'importation.|w(CaOODSP)9.952403 |